[Event "Skalica op"]
[Site "Skalica"]
[Date "2021.08.26"]
[Round "6"]
[White "Visser, Henk Jan"]
[Black "Soucek, Petr"]
[Result "0-1"]
[WhiteElo "2243"]
[BlackElo "2074"]
[PlyCount "48"]
[EventDate "2021.08.21"]
[EventType "swiss"]
[EventRounds "9"]
[EventCountry "SVK"]
[SourceTitle "CBM 204 Extra"]
[Source "ChessBase"]
[SourceDate "2021.11.30"]
[SourceVersion "1"]
[SourceVersionDate "2021.11.30"]
[SourceQuality "1"]

1. e4 e5 2. Nf3 Nc6 3. Bb5 f5 4. d3 fxe4 5. dxe4 Nf6 6. 0-0 d6 7. Bc4 Bg4 8. h3 Bh5 9. Nc3 Be7 10. Be3 Qd7 11. Rb1 g5 12. Be2 Bg6 13. Nxg5 h6 14. Nf3 0-0-0 15. Nh4 Bf7 16. Nd5 Nxe4 17. Nf5 h5 18. Bb5 Qxf5 19. Bxc6 Bh4 20. Ba4 Rdg8 21. Kh1 Rxg2 22. Kxg2 Rg8+ 23. Bg5 Rxg5+ 24. Kh2 Bxd5 0-1

[Event "Skalica op"]
[Site "Skalica"]
[Date "2021.08.22"]
[Round "2"]
[White "Visser, Henk Jan"]
[Black "Gunina, Valentina"]
[Result "0-1"]
[WhiteElo "2243"]
[BlackElo "2437"]
[PlyCount "52"]
[EventDate "2021.08.21"]
[EventType "swiss"]
[EventRounds "9"]
[EventCountry "SVK"]
[SourceTitle "CBM 204 Extra"]
[Source "ChessBase"]
[SourceDate "2021.11.30"]
[SourceVersion "1"]
[SourceVersionDate "2021.11.30"]
[SourceQuality "1"]

1. e4 c6 2. d4 d5 3. e5 c5 4. dxc5 e6 5. a3 Bxc5 6. Qg4 Ne7 7. Nf3 Ng6 8. Bd3 Nc6 9. 0-0 Qc7 10. Re1 0-0 11. Qh5 Bd7 12. b4 Bb6 13. Bb2 a5 14. b5 Nce7 15. a4 f6 16. exf6 gxf6 17. g3 e5 18. Nc3 Rf7 19. Rad1 Qc5 20. Rd2 Qb4 21. Ne4 dxe4 22. Rxe4 Qxb2 23. Bc4 Be8 24. Rd6 Qxc2 25. Rxb6 Qxe4 26. Bxf7+ Bxf7 0-1

[Event "Skalica op"]
[Site "Skalica"]
[Date "2021.08.21"]
[Round "1"]
[White "Koloditsova, Renata"]
[Black "Visser, Henk Jan"]
[Result "0-1"]
[WhiteElo "1937"]
[BlackElo "2243"]
[PlyCount "110"]
[EventDate "2021.08.21"]
[EventType "swiss"]
[EventRounds "9"]
[EventCountry "SVK"]
[SourceTitle "CBM 204 Extra"]
[Source "ChessBase"]
[SourceDate "2021.11.30"]
[SourceVersion "1"]
[SourceVersionDate "2021.11.30"]
[SourceQuality "1"]

1. d4 d5 2. Nf3 Nf6 3. c4 c6 4. e3 Bf5 5. Nc3 a6 6. a4 e6 7. Be2 h6 8. 0-0 a5 9. Qb3 Ra7 10. Bd2 Nbd7 11. Rfc1 Bd6 12. Be1 0-0 13. Rd1 Qb8 14. h3 Kh8 15. Nd2 Bh7 16. Bf3 Bb4 17. Na2 Bd6 18. Nc3 Bb4 19. Na2 Be7 20. Nc3 Rd8 21. e4 e5 22. exd5 exd4 23. Nce4 Ne5 24. Nxf6 Bxf6 25. Ne4 Nxf3+ 26. Qxf3 Bxe4 27. Qxe4 cxd5 28. cxd5 Qd6 29. Rd3 Qxd5 30. Qxd5 Rxd5 31. Rc1 b5 32. b3 Rad7 33. axb5 Rxb5 34. Ra1 Rdb7 35. Ra3 Ra7 36. f4 Rf5 37. g3 Rc5 38. Bf2 Rc2 39. Be1 Re7 40. Bxa5 Ree2 41. Kf1 Rf2+ 42. Kg1 Rg2+ 43. Kf1 Rcf2+ 44. Ke1 Rb2 45. Kf1 Rgf2+ 46. Kg1 g5 47. fxg5 Bxg5 48. Bb6 Rg2+ 49. Kf1 Rbf2+ 50. Ke1 Bd2+ 51. Rxd2 Rxd2 52. Ra8+ Kh7 53. Rd8 d3 54. Bd4 Rge2+ 55. Kf1 Rd1# 0-1

[Event "Titled Tuesday intern op 4th Aug 10am"]
[Site "Chess.com INT"]
[Date "2020.08.04"]
[Round "3"]
[White "Visser, Henk Jan"]
[Black "Winslow, Elliott C"]
[Result "1-0"]
[WhiteElo "2243"]
[BlackElo "2150"]
[PlyCount "111"]
[EventDate "2020.08.04"]
[EventType "swiss (blitz)"]
[EventRounds "10"]
[EventCountry "USA"]
[SourceTitle "CBM 197 Extra"]
[Source "ChessBase"]
[SourceDate "2020.09.30"]
[SourceVersion "1"]
[SourceVersionDate "2020.09.30"]
[SourceQuality "1"]

1. d4 Nf6 2. c4 e6 3. Nf3 c5 4. d5 exd5 5. cxd5 d6 6. Nc3 g6 7. Nd2 Bg7 8. e4 0-0 9. Be2 Re8 10. 0-0 Nbd7 11. f3 a6 12. a4 Rb8 13. Kh1 Ne5 14. Ra3 Nh5 15. f4 Nd7 16. Bxh5 gxh5 17. Qxh5 b5 18. axb5 axb5 19. Ra7 Qb6 20. Ra1 b4 21. Na4 Qb5 22. Re1 Nf6 23. Qf3 Nxd5 24. Qf1 Qxf1+ 25. Rxf1 Ne3 26. Rf3 Nc2 27. Rb1 Nd4 28. Rf2 Bd7 29. b3 Nxb3 30. Nxb3 Bxa4 31. e5 d5 32. Nxc5 Bb5 33. Bb2 Rbc8 34. Bd4 Bc4 35. Na4 Rb8 36. Nb2 b3 37. h3 Re6 38. f5 Rc6 39. f6 Bf8 40. Rf3 Kh8 41. Nd1 Bh6 42. Nf2 b2 43. Rxb2 Rxb2 44. Bxb2 Rb6 45. Bd4 Rb1+ 46. Kh2 Rf1 47. e6 Kg8 48. e7 Re1 49. Ng4 Bg5 50. Ne5 Bb5 51. Rg3 h6 52. h4 Re4 53. hxg5 Rxd4 54. gxh6+ Kh7 55. Nxf7 Rf4 56. Rg7# 1-0

[Event "Titled Tuesday intern op 19th May"]
[Site "Chess.com INT"]
[Date "2020.05.19"]
[Round "8"]
[White "Visser, Henk Jan"]
[Black "Palchuk, Andrii"]
[Result "0-1"]
[WhiteElo "2243"]
[BlackElo "2183"]
[PlyCount "128"]
[EventDate "2020.05.19"]
[EventType "swiss (blitz)"]
[EventRounds "10"]
[EventCountry "USA"]
[SourceTitle "EXT 2021"]
[Source "ChessBase"]
[SourceDate "2020.10.23"]
[SourceVersion "1"]
[SourceVersionDate "2020.10.23"]
[SourceQuality "1"]

1. e4 c6 2. Nc3 d5 3. Nf3 dxe4 4. Nxe4 Nf6 5. Qe2 Nxe4 6. Qxe4 Qd5 7. Qf4 Qf5 8. d3 Qxf4 9. Bxf4 f6 10. g3 e5 11. Bd2 Be6 12. Bg2 Nd7 13. a4 a5 14. 0-0 Bc5 15. Rfe1 Kf7 16. Re2 Rhe8 17. Rae1 Nb6 18. b3 Nd5 19. h3 b6 20. Kh2 Ra7 21. Nh4 g6 22. Nf3 Rae7 23. Ng1 Bd6 24. Nf3 Bd7 25. Rd1 Kg7 26. Be1 h6 27. Ra1 f5 28. Bd2 g5 29. Ne1 Kg6 30. Nf3 e4 31. dxe4 fxe4 32. Nd4 e3 33. fxe3 Nxe3 34. Rae1 Nf5 35. Rxe7 Bxg3+ 36. Kh1 Rxe7 37. Rxe7 Nxe7 38. Be3 Be5 39. Nf3 Bc7 40. Nd2 Nf5 41. Be4 Kf6 42. Bf2 Ng3+ 43. Kg2 Nxe4 44. Nxe4+ Ke5 45. Nd2 Kd5 46. c4+ Ke6 47. Ne4 c5 48. Nc3 Bc6+ 49. Kf1 Be5 50. Ne2 Kf5 51. Bg3 h5 52. Bxe5 Kxe5 53. Ng3 Be8 54. Ke2 Kf4 55. Nf1 Bd7 56. Kf2 Bxh3 57. Ne3 Be6 58. Nf1 h4 59. Nd2 g4 60. Nf1 g3+ 61. Kg1 h3 62. Nd2 Bg4 63. Kf1 Bf5 64. Ke2 h2 0-1

[Event "Titled Tuesday intern op 19th May"]
[Site "Chess.com INT"]
[Date "2020.05.19"]
[Round "3"]
[White "Visser, Henk Jan"]
[Black "Papadiamandis, Elliot"]
[Result "1-0"]
[WhiteElo "2243"]
[BlackElo "2269"]
[PlyCount "145"]
[EventDate "2020.05.19"]
[EventType "swiss (blitz)"]
[EventRounds "10"]
[EventCountry "USA"]
[SourceTitle "EXT 2021"]
[Source "ChessBase"]
[SourceDate "2020.10.23"]
[SourceVersion "1"]
[SourceVersionDate "2020.10.23"]
[SourceQuality "1"]

1. e4 c5 2. Nf3 d6 3. d4 Nf6 4. Nc3 cxd4 5. Nxd4 a6 6. Be3 e5 7. Nb3 Be7 8. f3 Be6 9. Qd2 0-0 10. 0-0-0 Nbd7 11. Kb1 b5 12. g4 b4 13. Ne2 a5 14. g5 Nh5 15. Ng3 Nf4 16. h4 a4 17. Nd4 exd4 18. Bxf4 b3 19. cxb3 axb3 20. a3 Ne5 21. Qxd4 Nxf3 22. Qf2 Bg4 23. Be2 d5 24. Bxf3 Bxa3 25. bxa3 Bxf3 26. Qxf3 Rxa3 27. Bc1 Ra1+ 28. Kxa1 Qa5+ 29. Kb2 Qa2+ 30. Kc3 b2 31. Bxb2 Rc8+ 32. Kd3 Qxb2 33. Rc1 dxe4+ 34. Nxe4 Rxc1 35. Rxc1 Qxc1 36. Nd2 Qc8 37. Qe4 h6 38. gxh6 gxh6 39. Nc4 Qh3+ 40. Kd4 Kg7 41. Ne5 Qf1 42. Nf3 Qf2+ 43. Ke5 Qg3+ 44. Qf4 f6+ 45. Ke4 Qf2 46. Qg4+ Kf7 47. Qd7+ Kg6 48. Qf5+ Kg7 49. Qd7+ Kg6 50. Qd6 Qe2+ 51. Kf4 Qc4+ 52. Qd4 Qf1 53. Qe4+ Kg7 54. Kg3 Qh1 55. Qg4+ Kf7 56. h5 Qc1 57. Qg6+ Ke6 58. Kg4 Qe3 59. Qf5+ Kf7 60. Kg3 Qc1 61. Qf4 Qh1 62. Qxh6 Ke6 63. Qg6 Kd5 64. h6 f5 65. Qxf5+ Kd6 66. Qg6+ Ke7 67. h7 Kd7 68. Qg7+ Kd6 69. h8Q Qb1 70. Qe5+ Kc6 71. Qhf6+ Kd7 72. Qee7+ Kc8 73. Qff8# 1-0

[Event "Titled Tuesday intern op 5th May"]
[Site "Chess.com INT"]
[Date "2020.05.05"]
[Round "1"]
[White "Gasanov, Eldar"]
[Black "Visser, Henk Jan"]
[Result "1-0"]
[WhiteElo "2481"]
[BlackElo "2243"]
[PlyCount "49"]
[EventDate "2020.05.05"]
[EventType "swiss (blitz)"]
[EventRounds "10"]
[EventCountry "USA"]
[SourceTitle "CBM 196 Extra"]
[Source "ChessBase"]
[SourceDate "2020.07.31"]
[SourceVersion "1"]
[SourceVersionDate "2020.07.31"]
[SourceQuality "1"]

1. d4 Nf6 2. c4 e6 3. Nf3 Bb4+ 4. Nc3 0-0 5. Bg5 c5 6. Rc1 Qa5 7. Bxf6 gxf6 8. a3 Bxc3+ 9. Rxc3 Nc6 10. e3 d6 11. Be2 Rd8 12. 0-0 Bd7 13. d5 Ne5 14. e4 Ng6 15. dxe6 Bxe6 16. Qd2 Kg7 17. Rd1 Rd7 18. Ne1 Rad8 19. Nc2 f5 20. exf5 Bxf5 21. Ne3 Be6 22. Bg4 d5 23. cxd5 Bxg4 24. Nxg4 Rxd5 25. Qh6+ 1-0

[Event "Titled Tuesday intern op 5th May"]
[Site "Chess.com INT"]
[Date "2020.05.05"]
[Round "2"]
[White "Visser, Henk Jan"]
[Black "Valle Maytin, Luis Enrique"]
[Result "1-0"]
[WhiteElo "2243"]
[BlackElo "2297"]
[PlyCount "120"]
[EventDate "2020.05.05"]
[EventType "swiss (blitz)"]
[EventRounds "10"]
[EventCountry "USA"]
[SourceTitle "EXT 2021"]
[Source "ChessBase"]
[SourceDate "2020.10.23"]
[SourceVersion "1"]
[SourceVersionDate "2020.10.23"]
[SourceQuality "1"]

1. e4 c5 2. Nf3 g6 3. d4 cxd4 4. Nxd4 Nc6 5. Nc3 Bg7 6. Be3 Nf6 7. Bc4 0-0 8. Bb3 a5 9. 0-0 d6 10. Ndb5 a4 11. Nxa4 Nxe4 12. Qe2 Bf5 13. g4 Rxa4 14. Bxa4 Bd7 15. c4 Ne5 16. f3 Qa5 17. Bb3 Nc5 18. Nd4 Nc6 19. Rad1 Nxd4 20. Bxd4 Bxd4+ 21. Rxd4 Nxb3 22. axb3 Qb6 23. Qe3 Be6 24. Rd3 Qc6 25. Rfd1 Ra8 26. h3 Ra2 27. R1d2 Ra1+ 28. Rd1 Ra2 29. R3d2 b5 30. Qc3 bxc4 31. bxc4 Qxc4 32. Qxc4 Bxc4 33. Kf2 d5 34. Re1 e6 35. g5 Kg7 36. Re3 Ra1 37. Ra3 Rf1+ 38. Kg2 Rb1 39. Ra7 e5 40. Kf2 Rf1+ 41. Kg2 Re1 42. Re7 e4 43. fxe4 dxe4 44. Kf2 Rf1+ 45. Ke3 Bd3 46. Rf2 Rxf2 47. Kxf2 Kf8 48. Rc7 Bc4 49. Ke3 Bd5 50. b4 Kg7 51. h4 h6 52. Kd4 Ba8 53. b5 hxg5 54. hxg5 Kf8 55. Rc8+ Ke7 56. Rxa8 f6 57. Kxe4 fxg5 58. Ra6 Kd7 59. Kf3 Kc7 60. Kg4 Kb7 1-0

[Event "Titled Tuesday intern op 21st April"]
[Site "Chess.com INT"]
[Date "2020.04.21"]
[Round "1"]
[White "Boros, Denes"]
[Black "Visser, Henk Jan"]
[Result "1-0"]
[WhiteElo "2429"]
[BlackElo "2243"]
[PlyCount "53"]
[EventDate "2020.04.21"]
[EventType "swiss (blitz)"]
[EventRounds "10"]
[EventCountry "USA"]
[SourceTitle "EXT 2021"]
[Source "ChessBase"]
[SourceDate "2020.10.23"]
[SourceVersion "1"]
[SourceVersionDate "2020.10.23"]
[SourceQuality "1"]

1. d4 Nf6 2. Nc3 d5 3. Bf4 c5 4. e3 cxd4 5. exd4 a6 6. Nf3 Nc6 7. Ne5 Qb6 8. Nxc6 bxc6 9. Na4 Qa7 10. c4 e6 11. c5 Nd7 12. Bd3 a5 13. 0-0 Ba6 14. Bxa6 Qxa6 15. Qg4 Be7 16. Qxg7 Bf6 17. Qg4 Bxd4 18. Bd6 Bf6 19. Rae1 0-0-0 20. Re3 Rdg8 21. Qf3 Rg7 22. Rb3 Bd8 23. Qc3 Rhg8 24. g3 Rg4 25. Nb6+ Bxb6 26. cxb6 Rc4 27. b7+ 1-0

[Event "Titled Tuesday intern op 21st April"]
[Site "Chess.com INT"]
[Date "2020.04.21"]
[Round "4"]
[White "Wartiovaara, Oliver"]
[Black "Visser, Henk Jan"]
[Result "0-1"]
[WhiteElo "2190"]
[BlackElo "2243"]
[PlyCount "50"]
[EventDate "2020.04.21"]
[EventType "swiss (blitz)"]
[EventRounds "10"]
[EventCountry "USA"]
[SourceTitle "EXT 2021"]
[Source "ChessBase"]
[SourceDate "2020.10.23"]
[SourceVersion "1"]
[SourceVersionDate "2020.10.23"]
[SourceQuality "1"]

1. e4 c5 2. Nf3 d6 3. d4 cxd4 4. Nxd4 Nf6 5. Nc3 a6 6. Bg5 Nbd7 7. Qe2 h6 8. Bh4 g6 9. 0-0-0 e5 10. Nb3 Qc7 11. Kb1 b5 12. f3 Bb7 13. g4 b4 14. Nd5 Bxd5 15. exd5 Bg7 16. Bf2 0-0 17. h4 a5 18. g5 Nh5 19. Qe3 Rfc8 20. Rc1 hxg5 21. hxg5 a4 22. Nd2 b3 23. Ne4 bxc2+ 24. Ka1 a3 25. b3 Nc5 0-1

[Event "BEL-chT 1819"]
[Site "Belgium"]
[Date "2019.02.03"]
[Round "6.5"]
[White "Matnadze, Ana"]
[Black "Visser, Henk Jan"]
[Result "1/2-1/2"]
[WhiteElo "2362"]
[BlackElo "2262"]
[PlyCount "170"]
[EventDate "2018.09.30"]
[EventType "team-tourn"]
[EventRounds "11"]
[EventCountry "BEL"]
[SourceTitle "CBM 189 Extra"]
[Source "ChessBase"]
[SourceDate "2019.06.03"]
[SourceVersion "1"]
[SourceVersionDate "2019.06.03"]
[SourceQuality "1"]
[WhiteTeam "Wachtebeke"]
[BlackTeam "Jean Jaures"]
[WhiteTeamCountry "BEL"]
[BlackTeamCountry "BEL"]

1. d4 Nf6 2. Nf3 c5 3. c3 d5 4. g3 Nc6 5. Bg2 e6 6. 0-0 Be7 7. a3 a5 8. a4 Qb6 9. Na3 cxd4 10. cxd4 Bd7 11. Bf4 Nb4 12. Ne5 Bc6 13. g4 Nd7 14. Rc1 Nxe5 15. Bxe5 0-0 16. Rc3 Rfc8 17. Rh3 Be8 18. e4 Rd8 19. exd5 exd5 20. Re1 Bf8 21. g5 Qg6 22. Rg3 Nc6 23. Bf6 Rdc8 24. Bxd5 Bd7 25. h4 Qf5 26. Be4 Qf4 27. Qh5 Bf5 28. Bxf5 Qxf5 29. Be5 Bxa3 30. bxa3 Nxe5 31. Rxe5 Qb1+ 32. Kg2 Rc1 33. Qe2 Rg1+ 34. Kh3 Rh1+ 35. Kg4 h5+ 36. gxh6 Qg6+ 37. Kf3 Qxh6 38. Reg5 g6 39. Qe4 Rf8 40. R3g4 Rxh4 41. Rxh4 Qxg5 42. Rh1 Rc8 43. Re1 Rc6 44. Re3 Rf6+ 45. Ke2 b6 46. Qe8+ Kg7 47. Qe5 Qg2 48. Qg3 Qd5 49. Qh4 Qc4+ 50. Ke1 Re6 51. Kd2 Qa2+ 52. Ke1 Rc6 53. Kf1 Qc4+ 54. Kg2 Qd5+ 55. Kg3 Rf6 56. Re4 Rf5 57. Qe7 Qb3+ 58. Re3 Qxa4 59. Qd6 b5 60. Re8 Qb3+ 61. Re3 Qc2 62. Rf3 Rxf3+ 63. Kxf3 Qd3+ 64. Kg2 Qe4+ 65. Kg1 a4 66. Qc5 Qf5 67. d5 Qg4+ 68. Kh2 Qc4 69. Qd6 g5 70. Kg1 Qc1+ 71. Kg2 Qf4 72. Qd8 Qe4+ 73. Kf1 Qd3+ 74. Kg2 Qe4+ 75. Kf1 Qc4+ 76. Kg1 Qc1+ 77. Kg2 b4 78. axb4 a3 79. Qa5 Qb2 80. d6 Qd2 81. d7 Qxd7 82. Qxg5+ Kf8 83. Qh6+ Kg8 84. Qg5+ Kf8 85. Qh6+ Kg8 1/2-1/2

[Event "Prague op-A 18th"]
[Site "Prague"]
[Date "2019.01.12"]
[Round "3"]
[White "Naumkin, Igor"]
[Black "Visser, Henk Jan"]
[Result "1-0"]
[WhiteElo "2418"]
[BlackElo "2271"]
[PlyCount "95"]
[EventDate "2019.01.11"]
[EventType "swiss"]
[EventRounds "9"]
[EventCountry "CZE"]
[SourceTitle "CBM 188 Extra"]
[Source "ChessBase"]
[SourceDate "2019.02.26"]
[SourceVersion "1"]
[SourceVersionDate "2019.02.26"]
[SourceQuality "1"]

1. d4 Nf6 2. c4 e6 3. Nf3 Bb4+ 4. Bd2 c5 5. Bxb4 cxb4 6. e3 0-0 7. Nbd2 b6 8. Bd3 Bb7 9. 0-0 d6 10. Qc2 Qe7 11. Ng5 g6 12. f4 Nc6 13. Rae1 Ne8 14. Ndf3 Ng7 15. d5 exd5 16. cxd5 b3 17. Qxb3 Na5 18. Qd1 Rac8 19. e4 Nh5 20. Nh3 Rc7 21. b3 Bc8 22. f5 Nf6 23. Qd2 Kh8 24. Qb2 Kg8 25. Nf2 Nb7 26. b4 Nd7 27. Ba6 Ne5 28. Nxe5 dxe5 29. Bxb7 Bxb7 30. Qd2 f6 31. d6 Qd8 32. Rd1 Rg7 33. fxg6 Rxg6 34. Qc3 Rf7 35. Qc4 f5 36. d7 Kf8 37. Qb5 Rfg7 38. Qxe5 Rxg2+ 39. Kh1 R2g5 40. Nh3 Rh5 41. Rxf5+ Rxf5 42. Qxf5+ Rf7 43. Qe5 Rxd7 44. Qh8+ Ke7 45. Qxh7+ Ke8 46. Qh8+ Ke7 47. Qe5+ Kf8 48. Rf1+ 1-0

[Event "Porto Mannu op 10th"]
[Site "Porto Mannu"]
[Date "2018.06.02"]
[Round "5"]
[White "Visser, Henk Jan"]
[Black "Colovic, Aleksandar"]
[Result "0-1"]
[WhiteElo "2255"]
[BlackElo "2432"]
[PlyCount "142"]
[EventDate "2018.06.02"]
[EventType "swiss"]
[EventRounds "9"]
[EventCountry "ITA"]
[SourceTitle "CBM 184 Extra"]
[Source "ChessBase"]
[SourceDate "2018.06.28"]
[SourceVersion "1"]
[SourceVersionDate "2018.06.28"]
[SourceQuality "1"]

1. e4 c6 2. d4 d5 3. e5 Bf5 4. Nf3 e6 5. Be2 c5 6. Be3 cxd4 7. Nxd4 Ne7 8. Nd2 Nbc6 9. N2f3 Be4 10. 0-0 Bxf3 11. Nxf3 Qc7 12. Bf4 Ng6 13. Bg3 Be7 14. Re1 0-0 15. a3 Ncxe5 16. Nxe5 Nxe5 17. Bd3 Bd6 18. Bxe5 Bxe5 19. Qh5 f5 20. Qe2 Bxh2+ 21. Kf1 e5 22. c3 e4 23. Bc2 Kh8 24. Rad1 Rad8 25. Bb3 Qc5 26. a4 Be5 27. Ba2 a6 28. Qe3 d4 29. Qg5 h6 30. cxd4 Bxd4 31. Qh4 Bf6 32. Qh5 Rxd1 33. Rxd1 Bxb2 34. Bf7 Qe7 35. Bb3 Be5 36. g3 e3 37. f4 Bc3 38. Rd3 Qb4 39. Bc2 Bd4 40. Qd1 Bb6 41. Rd5 Re8 42. Ke2 Ba5 43. Bxf5 Qc4+ 44. Qd3 Qxa4 45. Rc5 Qb4 46. Re5 Rxe5 47. fxe5 Qd2+ 48. Qxd2 exd2 49. Bc8 Bb4 50. Bxb7 a5 51. Bd5 a4 52. e6 g6 53. g4 Kg7 54. e7 Bxe7 55. Kxd2 Kf6 56. Ke2 Kg5 57. Kf3 Bd6 58. Be6 a3 59. Bb3 h5 60. gxh5 Kxh5 61. Bd5 g5 62. Be6 Kh4 63. Bd5 g4+ 64. Kg2 Kg5 65. Kf2 Kf4 66. Kg2 Ke3 67. Kf1 g3 68. Kg2 Kd4 69. Ba2 Kc3 70. Bd5 Kb2 71. Be6 a2 0-1

[Event "Barcelona Sants op 19th"]
[Site "Barcelona"]
[Date "2017.08.22"]
[Round "5"]
[White "Visser, Henk Jan"]
[Black "Moussard, Jules"]
[Result "0-1"]
[WhiteElo "2247"]
[BlackElo "2571"]
[PlyCount "94"]
[EventDate "2017.08.18"]
[EventType "swiss"]
[EventRounds "10"]
[EventCountry "ESP"]
[SourceTitle "CBM 180 Extra"]
[Source "ChessBase"]
[SourceDate "2017.10.06"]
[SourceVersion "1"]
[SourceVersionDate "2017.10.06"]
[SourceQuality "1"]

1. e4 g6 2. d4 Bg7 3. Nc3 d6 4. Be3 c6 5. a4 Qa5 6. Nf3 Nf6 7. Nd2 Ng4 8. Nc4 Nxe3 9. Nxa5 Nxd1 10. Rxd1 0-0 11. Bc4 b6 12. Nb3 a6 13. 0-0 Nd7 14. Rfe1 b5 15. Bf1 b4 16. Nb1 a5 17. N1d2 Nb6 18. Nc4 Nxc4 19. Bxc4 Bd7 20. h3 Rfd8 21. Rd3 Kf8 22. Nd2 Rac8 23. Bb3 c5 24. Rf3 Be8 25. dxc5 Rxc5 26. Nc4 Rdc8 27. Nb6 Rd8 28. Nd5 Bxb2 29. Nf4 Bf6 30. g4 Rdc8 31. Nd5 Bg5 32. e5 Bc6 33. Rxf7+ Kxf7 34. Nb6+ Kg7 35. Nxc8 dxe5 36. Nb6 Bf4 37. Rd1 Be4 38. Nc4 Kh6 39. Nd2 Bxc2 40. Bxc2 Rxc2 41. Nb3 e4 42. Nd4 Ra2 43. Ne6 g5 44. Rd5 b3 45. Rb5 e3 46. Rb6 Bd6 47. Rxb3 Ra1+ 0-1